[Event "Astana Open-A 2019"]
[Site "Nur-Sultan"]
[Date "2019.07.18"]
[Round "9.6"]
[White "Erigaisi Arjun"]
[Black "Yudin, Sergei"]
[Result "1/2-1/2"]
[WhiteElo "2531"]
[BlackElo "2499"]
[Annotator "TA"]
[PlyCount "45"]
[EventDate "2019.07.11"]
[EventCountry "KAZ"]
[SourceTitle "playchess.com"]
[Source "ChessBase"]
[SourceQuality "1"]

{[%evp 21,45,0,42,47,33,31,54,45,43,56,89,27,57,55,49,-21,0,-12,-17,-16,-14,-16,0,-52,-44,-34]} 1. Nf3 e6 2. c4 d5 3. b3 Nf6 4. Bb2 Be7 5. g3 O-O 6. Bg2 b6 7. O-O Bb7 8. e3 dxc4 9. bxc4 c5 10. Qe2 Nc6 11. Nc3 Nb4 12. d4 {A14: English Opening: 1...e6 with b3 by White} (12. Ne1 Bxg2 13. Kxg2 Qd7 14. a3 Qb7+ 15. Kg1 Nc6 16. f4 a6 17. g4 b5 18. g5 Nd7 19. Rb1 b4 {0-1 (53) Kovalenko,I (2661)-Dubov,D (2627) Moscow 2015}) 12... Rc8 13. Rfd1 cxd4 14. exd4 {White is slightly better.} Re8 15. a3 Nc6 16. Ne5 (16. d5 $16 exd5 17. Nxd5 Nxd5 18. Rxd5) 16... Qc7 17. Nb5 Qb8 18. a4 $146 (18. d5 $14 exd5 19. cxd5 Nxe5 20. Qxe5) ({Predecessor:} 18. d5 exd5 19. cxd5 Nxe5 20. Bxe5 {½-½ (34) Tschann,S (2240)-Scherer,H (2286) Germany 2014}) 18... Na5 19. Bc3 Bxg2 20. Kxg2 Qb7+ 21. f3 a6 22. Na3 ({White should play} 22. Bxa5 $11 axb5 23. axb5 bxa5 24. Rxa5) 22... Nc6 $1 $15 23. Nd3 {Accuracy: White = 42%, Black = 64%.} 1/2-1/2